Retailing management. / (Record no. 1276)

MARC details
000 -LEADER
fixed length control field 01721cam a2200301 a 4500
001 - CONTROL NUMBER
control field 4489727
005 - DATE AND TIME OF LATEST TRANSACTION
control field 20210414114011.0
008 - FIXED-LENGTH DATA ELEMENTS--GENERAL INFORMATION
fixed length control field 970606s1998 maua b 001 0 eng
010 ## - LIBRARY OF CONGRESS CONTROL NUMBER
LC control number 97025683
020 ## - INTERNATIONAL STANDARD BOOK NUMBER
International Standard Book Number 0256223467
020 ## - INTERNATIONAL STANDARD BOOK NUMBER
International Standard Book Number 007115387X
040 ## - CATALOGING SOURCE
Original cataloging agency DLC
Transcribing agency DLC
Modifying agency DLC
050 00 - LIBRARY OF CONGRESS CALL NUMBER
Classification number HF5429.L4828
082 00 - DEWEY DECIMAL CLASSIFICATION NUMBER
Classification number 658.8/7
Edition number 21
100 1# - MAIN ENTRY--PERSONAL NAME
Personal name Levy, Michael,
Dates associated with a name 1950-
245 10 - TITLE STATEMENT
Title Retailing management. /
Statement of responsibility, etc. Michael Levy, Barton A. Weitz.
250 ## - EDITION STATEMENT
Edition statement 3rd ed.
260 ## - PUBLICATION, DISTRIBUTION, ETC.
Place of publication, distribution, etc. Boston :
Name of publisher, distributor, etc. Irwin/McGraw-Hill,
Date of publication, distribution, etc. c1998.
300 ## - PHYSICAL DESCRIPTION
Extent xxxi, 627 + various pagings :
Other physical details col. ill. ;
Dimensions 26 cm.
440 #4 - SERIES STATEMENT/ADDED ENTRY--TITLE
Title The Irwin/McGraw-Hill series in marketing
504 ## - BIBLIOGRAPHY, ETC. NOTE
Bibliography, etc. note Includes bibliographical references and indexes.
505 ## - FORMATTED CONTENTS NOTE
Formatted contents note Contents: The World of retailing: Introduction to the world of of retailing -- Store-based retailing -- Nonstore retailing-electronic retailing and catalogs -- The Retail customer -- Customer buying behaviour -- Retailing strategy: Retail market strategy -- Financial strategy -- Retail locations -- Site locations -- Organization structure and human resource management -- Integrated retail logistics and information systems -- Merchandise management: Planning merchandise assortments -- Buying systems -- Buying merchandise -- Pricing -- Retail promotion mix -- Store management: Managing the store -- Store layout, design and visual merchandising -- Customer service -- Retail selling -- Cases -- Appendixes.
650 #0 - SUBJECT ADDED ENTRY--TOPICAL TERM
Topical term or geographic name entry element Retail trade
General subdivision Management.
700 1# - ADDED ENTRY--PERSONAL NAME
Personal name Weitz, Barton A.
906 ## - LOCAL DATA ELEMENT F, LDF (RLIN)
a 7
b cbc
c orignew
d 1
e ocip
f 19
g y-gencatlg
942 ## - ADDED ENTRY ELEMENTS (KOHA)
Source of classification or shelving scheme Library of Congress Classification
Koha item type Books
Holdings
Withdrawn status Lost status Source of classification or shelving scheme Damaged status Not for loan Home library Current library Shelving location Date acquired Total Checkouts Full call number Barcode Date last seen Copy number Price effective from Koha item type Public note
    Library of Congress Classification     WISCONSIN INTERNATIONAL UNIVERSITY COLLEGE, GHANA - MAIN LIBRARY WISCONSIN INTERNATIONAL UNIVERSITY COLLEGE, GHANA - MAIN LIBRARY General Stacks 12/06/2012   HF5429.L4828 2418/12 12/06/2012 1 12/06/2012 Books

If you have any concerns or questions; kindly contact the library


© Powered by WIUC ICT DIRECTORATE